<?xml version='1.0' encoding='UTF-8'?>
  <record xmlns="http://www.loc.gov/MARC21/slim">
    <leader>00000cam a22000007i 4500</leader>
    <controlfield tag="001">ocn974191272</controlfield>
    <controlfield tag="003">OCoLC</controlfield>
    <controlfield tag="005">20241028170759.2</controlfield>
    <controlfield tag="008">991018s1543    sz            000 0 lat d</controlfield>
    <datafield tag="040" ind1=" " ind2=" ">
      <subfield code="a">QGJ</subfield>
      <subfield code="b">eng</subfield>
      <subfield code="e">rda</subfield>
      <subfield code="e">dcrmr</subfield>
      <subfield code="c">QGJ</subfield>
      <subfield code="d">OCLCO</subfield>
      <subfield code="d">OCLCL</subfield>
      <subfield code="d">QGJ</subfield>
      <subfield code="d">OCLCO</subfield>
      <subfield code="d">OCLCQ</subfield>
      <subfield code="d">QGJ</subfield>
      <subfield code="d">OCLCO</subfield>
      <subfield code="d">QGJ</subfield>
      <subfield code="d">OCLCO</subfield>
      <subfield code="d">QGJ</subfield>
      <subfield code="d">OCLCO</subfield>
      <subfield code="d">OCLCA</subfield>
    </datafield>
    <datafield tag="066" ind1=" " ind2=" ">
      <subfield code="c">(S</subfield>
    </datafield>
    <datafield tag="035" ind1=" " ind2=" ">
      <subfield code="a">(OCoLC)974191272</subfield>
    </datafield>
    <datafield tag="041" ind1="1" ind2=" ">
      <subfield code="a">lat</subfield>
      <subfield code="a">grc</subfield>
      <subfield code="h">ara</subfield>
      <subfield code="h">grc</subfield>
      <subfield code="h">ita</subfield>
    </datafield>
    <datafield tag="130" ind1="0" ind2=" ">
      <subfield code="a">Qurʼan.</subfield>
      <subfield code="l">Latin.</subfield>
      <subfield code="s">(Bibliander)</subfield>
    </datafield>
    <datafield tag="245" ind1="0" ind2="0">
      <subfield code="a">Machumetis Saracenorum principis, eiusque successorum vitae, ac doctrina, ipséque Alcoran, Quo uelut authentico legum diuinarum codice Agareni &amp; Turcae, alij́q[ue] Christo aduersantes populi regu[n]tur, quae ante annos CCCC uir multis nominibus, Diui quoq[ue] Bernardi testimonio, clarissimus, D. Petrus abbas Cluniacensis per uiros eruditos, ad fidei Christianae ac sanctae matris Ecclesiae propugnationem, ex Arabica lingua in Latinam transferri curauit. /</subfield>
      <subfield code="c">His adiunctae sunt Confutationes multorum, &amp; quidem probatissimorum authorum, Arabum, Graecorum, &amp; Latinorum, unà cum excellentiss. Theologi Martini Lutheri praemonitione. Quibus uelut instructissima fidei Catholicae propugnatorum acie, peruersa dogmata &amp; tota superstitio Machumetica profligantur. Adiunctae sunt etiam, Turcarum qui non tam sectatores Machumeticae uaesaniae, quàm uindices &amp; propugnatores, nominisq[ue] Christiani acerrimos hostes aliquot iam seculis praestiterunt, res gestae maximà memorabiles, à DCCCC annis ad nostra usq[ue] tempora. Haec omnia in unum uolumen redacta sunt, opera &amp; studio Theodori Bibliandri, Ecclesiae Tigurinae ministri, qui collatis etiam exemplaribus Latinis &amp; Arab. Alcorani textum emendavit, &amp; marginib. apposuit Annotationes ...</subfield>
    </datafield>
    <datafield tag="246" ind1="3" ind2=" ">
      <subfield code="a">Machvmetis Saracenorvm principis, eiuśqve successorvm vitae, ac doctrina, ipséqve Alcoran, Quo velut authentico legum diuinarum codice Agareni &amp; Turcæ, aliíque Christo adversantes populi reguntur, quæ ante annos CCCC, vir multis nominibus, Divi quoque Bernardi testimonio, clarissimus, D. Petrus Abbas Cluniacensis per viros eruditos, ad fidei Christianæ ac sanctæ matris Ecclesiæ propugnationem, ex Arabica lingua in Latinam transferri curauit.</subfield>
    </datafield>
    <datafield tag="246" ind1="1" ind2=" ">
      <subfield code="a">Coran</subfield>
    </datafield>
    <datafield tag="264" ind1=" " ind2="1">
      <subfield code="a">[Basel] :</subfield>
      <subfield code="b">[Nikolaus Brylinger for Johann Oporinus],</subfield>
      <subfield code="c">[1543]</subfield>
    </datafield>
    <datafield tag="300" ind1=" " ind2=" ">
      <subfield code="a">3 volumes in 1 ([24], 230, [10] pages; [8], 178, [2] pages; 163 pages) ;</subfield>
      <subfield code="c">30 cm (folio)</subfield>
    </datafield>
    <datafield tag="336" ind1=" " ind2=" ">
      <subfield code="a">text</subfield>
      <subfield code="b">txt</subfield>
      <subfield code="2">rdacontent</subfield>
    </datafield>
    <datafield tag="337" ind1=" " ind2=" ">
      <subfield code="a">unmediated</subfield>
      <subfield code="b">n</subfield>
      <subfield code="2">rdamedia</subfield>
    </datafield>
    <datafield tag="338" ind1=" " ind2=" ">
      <subfield code="a">volume</subfield>
      <subfield code="b">nc</subfield>
      <subfield code="2">rdacarrier</subfield>
    </datafield>
    <datafield tag="340" ind1=" " ind2=" ">
      <subfield code="m">folio</subfield>
      <subfield code="2">rdabf</subfield>
    </datafield>
    <datafield tag="500" ind1=" " ind2=" ">
      <subfield code="a">Imprint from VD 16; date from foreword on title page verso: MDXLIII [1543].</subfield>
    </datafield>
    <datafield tag="546" ind1=" " ind2=" ">
      <subfield code="a">Texts in Latin and Greek, including Latin translation of the Arabic Quran, and some parallel texts in Latin and Greek; also includes Latin translation of Italian. Arabic words printed in Hebrew letters. Some Ottoman Turkish.</subfield>
    </datafield>
    <datafield tag="500" ind1=" " ind2=" ">
      <subfield code="a">Vol. 1 has general title page only ; vol. 2-3 each have special title page. Each volume with separate register, and pagination.</subfield>
    </datafield>
    <datafield tag="500" ind1=" " ind2=" ">
      <subfield code="a">[Vol. 2] has title: Confvtationes legis Machvmeticae, qvam vocant Alcoranvm ... partim Latinè, partim Graecè ... scriptae ...Adiecta quoque est Lodovici Vivis Valentini ... de Mahumete &amp; Alcorano eius censura .. [Vol. 3] has title: Historiae de Saracenorvm sive Tvrcarvm origine, moribvs, nequitia, religione, rebus gestis: itemq[ue] de ordinatione politiae eorundem domi &amp; foris, &amp; disciplina ac ordine militiae Turcicae, deq[ue] itineribus in Turciam, vna cum uitis omnium Turcicorum imperatorum ad nostra usque tempora ...</subfield>
    </datafield>
    <datafield tag="500" ind1=" " ind2=" ">
      <subfield code="6">880-01</subfield>
      <subfield code="a">With woodcut historiated initials and printed marginalia in italics.</subfield>
    </datafield>
    <datafield tag="500" ind1=" " ind2=" ">
      <subfield code="a">Dedication by Bibliander on title page verso dated Zurich, January 20th 1543.</subfield>
    </datafield>
    <datafield tag="500" ind1=" " ind2=" ">
      <subfield code="a">The praemonitio on leaf [alpha]2-3 is written by Philipp Melanchthon even though Martin Luther is named as author.</subfield>
    </datafield>
    <datafield tag="500" ind1=" " ind2=" ">
      <subfield code="a">With introductory letters by Robert of Ketton to Peter of Cluny, and by Peter of Cluny to Bernhard of Clairvaux.</subfield>
    </datafield>
    <datafield tag="500" ind1=" " ind2=" ">
      <subfield code="a">With added sura 1, translated by Guillaume Postel.</subfield>
    </datafield>
    <datafield tag="500" ind1=" " ind2=" ">
      <subfield code="a">De doctrina Mahumet ('Doctrine of Muḥammad'), a translation of the Masāʾil ʿAbdallāh ibn Salām, an apocryphal account of Muḥammad answering questions from four Jewish inquirers led by Abū al-Ḥārith ʿAbdallāh ibn Salām, originally of the 7th or 8th century, translated by Herman of Carinthia</subfield>
    </datafield>
    <datafield tag="500" ind1=" " ind2=" ">
      <subfield code="a">Liber de generatione Mahumet et nutritura eius ('Book of Muḥammad's Genealogy and his Nurturing'), is a translation of Abū al-Ḥasan Bakrī's Kitāb al-anwār.</subfield>
    </datafield>
    <datafield tag="500" ind1=" " ind2=" ">
      <subfield code="a">With summary of textual variants used by Bibliander at the end of volume 1; printed in double columns.</subfield>
    </datafield>
    <datafield tag="500" ind1=" " ind2=" ">
      <subfield code="a">The Confutatio and the Confessio (in volume 2) printed both in Greek and Latin, in parallel columns.</subfield>
    </datafield>
    <datafield tag="500" ind1=" " ind2=" ">
      <subfield code="a">Some errors in paginations in volume 3: 54 printed as 50, 55 as 57 and 59 as 60.</subfield>
    </datafield>
    <datafield tag="500" ind1=" " ind2=" ">
      <subfield code="a">On title page of volume 1: "Cum caesareae maiest. gratia &amp; priuilegio ad quinquennium."; on title page of volumes 2-3: "cum gratia &amp; priuilegio imperiali ad septennium."</subfield>
    </datafield>
    <datafield tag="505" ind1="0" ind2=" ">
      <subfield code="a">[Vol. 1]: D. Martini Lutheri ad Alcorani lectorem praemonitio. -- Apologia pro editione alcorani, ad reuerendissimos patres ac dominos Episcopos &amp; doctores Ecclesiarum Christi, Theodoro Bibliandro authore. -- Epistola d. Petri abbatis Cluniacensis ad d. Bernhardum Claraeuallis abbate[m], de traslatione Alcorani, siue Saracenorum legis, ex Arabico in Latinum. -- Summula quaedam breuis contra haereses &amp; sectam diabolicae fraudis Saracenorum, siue Ismahelitarum. -- Praefatio Roberti Retenensis Angli ad d. Petrum abbatem Cluniacensem, de alcorani uersione. -- Codex authenticus doctrinae Machumeticae ex Arabico uersus per eundem Robertum Retenensem &amp; Hermannum Dalmatam. -- Doctrinae Machumetis summatim comprehense, quae apud Saracenos magnae authoritatis est, ab eodem Hermanno ex Arabico translata. -- De generatio[n]e Mahumet, &amp; nutritura eius, eode[m] Herma[n]no Dalmata interprete. -- Chronica mendosa &amp; ridiculosa Sacracenorum, de uita Mahumetis &amp; successorum eius, eodem interprete. -- Annotationes eruditi cuiusdam &amp; recentiores scriptoris, quae in alcorani manuscripti marginibus adiectae fuerant, unà cum aliquot capitum argumentis &amp; censuris, item uaria diuerso exemplarium lectione.</subfield>
    </datafield>
    <datafield tag="505" ind1="0" ind2=" ">
      <subfield code="a">[Vol. 2]: Lodouici Viuis Valentini de Mahomete &amp; Alcorano ipsius censura, è libris eius de veritate fidei christianae decerpta. -- De Mahometo, eius[qúe] legibus, &amp; Sarracenorum [sic] rebus, ex Volaterrano. -- Mahumetanorum sectam omni ratione carere, commentatiu[m]cula lectu dignissima, Hieronymo Sauonarola autore. -- Disputatio christiani eruditissimi, qui diu uersatus est apud principem Sarracenorum [sic] cum magna dignatione, &amp; Sarraceni [sic] sodalis ipsius, aduersus doctrinam &amp; flagitia Mahumetis. -- Cribrationum Alcorani libri tres, reuerendiss. at[que] doctissimo d. Nicolao de Cusa Cardinal autore. -- Richardi fratris ord. praedicatorum uiri doctissimi, confutatio legis à Mahumete Sarracenis latae, per Demetriu[m] Cydoniu[m] in linguam Graecam translata. -- Eadem Richardi Confutatio é Graeco rursus latinitate donata, Bartholomaeo Piceno interprete. -- Christianae fidei exomologesis, siue confessio, Sarracenis [sic] facta, cùm primis quidem pia, &amp; spiritum planè apostolicum redolens, Graecè &amp; Latinè, incerto autore.</subfield>
    </datafield>
    <datafield tag="505" ind1="0" ind2=" ">
      <subfield code="a">[Vol. 3]: Martini Lutheri epistola ad pium lectorem. -- De moribus, religione, conditionibus &amp; nequitia Turcorum, Septemcastrensi quodam autor incerto. -- Epistola Pij Papae II. ad Morbisanum Turcarum principem, qua &amp; ostensis Mahumetanae sectae erroribus, ipsum admonet, ut relicta illa, ueram solidam[qùe] legis Euangelicae eruditionem amplexetur. -- Morbisani Turcarum principis ad Pium Papam responsio. -- Ordinatio politiae Turcarum domi &amp; foris, incerto autore. -- Turcicarium rerum co[m]mentarius Pauli Iouij episcopi Nucerini, ad Carolum v. imperatorem Augustum. -- Ordo ac disciplina Turcicae militiae, eodem Paulo Iouio autore. -- Ioannis Lodouici Viuis, de conditione uit[ae] christinoru[m] sub Turca, libellus. -- Quibus itineribus Turci sint aggredie[n]di, Felicis Petanij Cancellarij Segniae ad Vladislaum Hungariae &amp; Boëmiae regem liber. -- Iacobi Sadoleti episcopi Carpentoractis, de regno Hu[n]gari[ae] ab hostibus Turcis oppresso &amp; capto, Homilia.</subfield>
    </datafield>
    <datafield tag="510" ind1="4" ind2=" ">
      <subfield code="a">Benzing, J. Lutherbibliographie,</subfield>
      <subfield code="c">2767</subfield>
    </datafield>
    <datafield tag="510" ind1="4" ind2=" ">
      <subfield code="a">Verzeichnis der im deutschen Sprachbereich erschienenen Drucke des 16. Jahrhunderts (VD 16),</subfield>
      <subfield code="c">K 2584</subfield>
      <subfield code="u">https://gateway-bayern.de/VD16+K+2584</subfield>
    </datafield>
    <datafield tag="520" ind1=" " ind2=" ">
      <subfield code="a">Originally published Latin edition of the Qur'an, edited and compiled by Theodorus Bibliander and based on the translations of Robert of Ketton and Herman of Carinthia and commissioned by Petrus de Montboissier, abbot of Cluny. Volumes also contain several collected works on Islam by European thinkers.</subfield>
    </datafield>
    <datafield tag="581" ind1=" " ind2=" ">
      <subfield code="a">Miller, G. J. (2013). Theodor Bibliander's Machumetis saracenorum principis eiusque successorum vitae, doctrina ac ipse alcoran (1543) as the Sixteenth-century “Encyclopedia” of Islam. Islam and Christian-Muslim Relations, 24(2) 241-254. http://dx.doi.org/10.1080/09596410.2013.772329</subfield>
    </datafield>
    <datafield tag="600" ind1="0" ind2="0">
      <subfield code="a">Muḥammad,</subfield>
      <subfield code="c">Prophet,</subfield>
      <subfield code="d">-632</subfield>
      <subfield code="v">Early works to 1800.</subfield>
    </datafield>
    <datafield tag="630" ind1="0" ind2="0">
      <subfield code="a">Qurʼan</subfield>
      <subfield code="v">Early works to 1800</subfield>
      <subfield code="x">History and criticism.</subfield>
    </datafield>
    <datafield tag="651" ind1=" " ind2="0">
      <subfield code="a">Islamic Empire</subfield>
      <subfield code="x">History</subfield>
      <subfield code="v">Early works to 1800.</subfield>
    </datafield>
    <datafield tag="650" ind1=" " ind2="0">
      <subfield code="a">Sultans</subfield>
      <subfield code="z">Turkey.</subfield>
    </datafield>
    <datafield tag="650" ind1=" " ind2="0">
      <subfield code="a">Islam</subfield>
      <subfield code="x">Controversial literature.</subfield>
    </datafield>
    <datafield tag="650" ind1=" " ind2="0">
      <subfield code="a">Christianity and other religions</subfield>
      <subfield code="x">Islam.</subfield>
    </datafield>
    <datafield tag="650" ind1=" " ind2="0">
      <subfield code="a">Islam</subfield>
      <subfield code="x">Relations</subfield>
      <subfield code="x">Christianity.</subfield>
    </datafield>
    <datafield tag="630" ind1="0" ind2="6">
      <subfield code="a">Coran</subfield>
      <subfield code="v">Ouvrages avant 1800</subfield>
      <subfield code="x">Histoire et critique.</subfield>
    </datafield>
    <datafield tag="650" ind1=" " ind2="6">
      <subfield code="a">Islam</subfield>
      <subfield code="x">Ouvrages de controverse.</subfield>
    </datafield>
    <datafield tag="650" ind1=" " ind2="6">
      <subfield code="a">Christianisme</subfield>
      <subfield code="x">Relations</subfield>
      <subfield code="x">Islam.</subfield>
    </datafield>
    <datafield tag="650" ind1=" " ind2="6">
      <subfield code="a">Islam</subfield>
      <subfield code="x">Relations</subfield>
      <subfield code="x">Christianisme.</subfield>
    </datafield>
    <datafield tag="700" ind1="1" ind2=" ">
      <subfield code="a">Oporinus, Joannes,</subfield>
      <subfield code="d">1507-1568,</subfield>
      <subfield code="e">printer.</subfield>
      <subfield code="4">prt</subfield>
      <subfield code="1">https://id.oclc.org/worldcat/entity/E39PBJjMFW8PFDM7bqhQkh3xXd</subfield>
    </datafield>
    <datafield tag="700" ind1="1" ind2=" ">
      <subfield code="a">Brylinger, Nikolas,</subfield>
      <subfield code="d">approximately 1515-1565,</subfield>
      <subfield code="e">printer.</subfield>
      <subfield code="4">prt</subfield>
      <subfield code="1">https://id.oclc.org/worldcat/entity/E39PBJmhK36CpFttqfbX9b7WDq</subfield>
    </datafield>
    <datafield tag="700" ind1="1" ind2=" ">
      <subfield code="a">Bibliander, Theodorus,</subfield>
      <subfield code="d">approximately 1504-1564,</subfield>
      <subfield code="e">editor,</subfield>
      <subfield code="e">commentator for written text.</subfield>
      <subfield code="4">edt</subfield>
      <subfield code="4">cwt</subfield>
      <subfield code="1">https://id.oclc.org/worldcat/entity/E39PBJtGVr6mWcQYmhWPCTC84q</subfield>
    </datafield>
    <datafield tag="700" ind1="1" ind2=" ">
      <subfield code="a">Melanchthon, Philip,</subfield>
      <subfield code="d">1497-1560,</subfield>
      <subfield code="e">author of introduction, etc.</subfield>
      <subfield code="4">aui</subfield>
      <subfield code="1">https://id.oclc.org/worldcat/entity/E39PBJqQtH68krrpJcG6Tt8cT3</subfield>
    </datafield>
    <datafield tag="700" ind1="1" ind2=" ">
      <subfield code="a">Luther, Martin,</subfield>
      <subfield code="d">1483-1546,</subfield>
      <subfield code="e">attributed name,</subfield>
      <subfield code="e">author of introduction etc,</subfield>
      <subfield code="e">aui.</subfield>
      <subfield code="4">att</subfield>
      <subfield code="1">https://id.oclc.org/worldcat/entity/E39PBJcC3jTktTmxwtTMgxrQbd</subfield>
    </datafield>
    <datafield tag="700" ind1="0" ind2=" ">
      <subfield code="a">Robert,</subfield>
      <subfield code="c">of Ketton,</subfield>
      <subfield code="d">active 1141-1157,</subfield>
      <subfield code="e">translator.</subfield>
      <subfield code="e">author of introduction, etc.</subfield>
      <subfield code="4">trl</subfield>
      <subfield code="4">aui</subfield>
    </datafield>
    <datafield tag="700" ind1="0" ind2=" ">
      <subfield code="a">Peter,</subfield>
      <subfield code="c">the Venerable,</subfield>
      <subfield code="d">approximately 1092-1156,</subfield>
      <subfield code="e">correspondent.</subfield>
      <subfield code="4">crp</subfield>
    </datafield>
    <datafield tag="700" ind1="0" ind2=" ">
      <subfield code="a">Hermann,</subfield>
      <subfield code="c">of Carinthia,</subfield>
      <subfield code="e">translator.</subfield>
      <subfield code="4">trl</subfield>
      <subfield code="1">https://id.oclc.org/worldcat/entity/E39PBJxCyH6RKTQ3FGkgXkCvpP</subfield>
    </datafield>
    <datafield tag="700" ind1="0" ind2=" ">
      <subfield code="a">Bernard,</subfield>
      <subfield code="c">of Clairvaux, Saint,</subfield>
      <subfield code="d">1090 or 1091-1153,</subfield>
      <subfield code="e">addressee.</subfield>
      <subfield code="4">rcp</subfield>
      <subfield code="1">https://id.oclc.org/worldcat/entity/E39PBJB4bDHPkTQWywJpkvqqQq</subfield>
    </datafield>
    <datafield tag="700" ind1="1" ind2=" ">
      <subfield code="a">Postel, Guillaume,</subfield>
      <subfield code="d">1510-1581,</subfield>
      <subfield code="e">translator.</subfield>
      <subfield code="4">trl</subfield>
      <subfield code="1">https://id.oclc.org/worldcat/entity/E39PBJjt8J8jWbjP7rw94xd84q</subfield>
    </datafield>
    <datafield tag="700" ind1="1" ind2="2">
      <subfield code="i">Container of (expression):</subfield>
      <subfield code="a">Bakrī, Aḥmad ibn ʻAbd Allāh, Abū al-Ḥasan,</subfield>
      <subfield code="d">active approximately 13th century.</subfield>
      <subfield code="t">Kitāb al-anwār.</subfield>
      <subfield code="l">Latin.</subfield>
    </datafield>
    <datafield tag="700" ind1="1" ind2="2">
      <subfield code="i">Container of (work):</subfield>
      <subfield code="a">Vives, Juan Luis,</subfield>
      <subfield code="d">1492-1540.</subfield>
      <subfield code="t">De veritate fidei Christianae.</subfield>
      <subfield code="k">Selections.</subfield>
    </datafield>
    <datafield tag="700" ind1="1" ind2="2">
      <subfield code="i">Container of (work):</subfield>
      <subfield code="a">Savonarola, Girolamo,</subfield>
      <subfield code="d">1452-1498.</subfield>
      <subfield code="t">Triumphus crucis.</subfield>
      <subfield code="k">Selections.</subfield>
    </datafield>
    <datafield tag="700" ind1="1" ind2=" ">
      <subfield code="a">Maffei, Raffaele,</subfield>
      <subfield code="d">1455-1522,</subfield>
      <subfield code="e">contributor.</subfield>
      <subfield code="4">ctb</subfield>
      <subfield code="1">https://id.oclc.org/worldcat/entity/E39PBJbRfMWkMCxkxhX9DfQrMP</subfield>
    </datafield>
    <datafield tag="700" ind1="0" ind2=" ">
      <subfield code="a">Pius</subfield>
      <subfield code="b">II,</subfield>
      <subfield code="c">Pope,</subfield>
      <subfield code="d">1405-1464,</subfield>
      <subfield code="e">dedicatee.</subfield>
      <subfield code="4">dte</subfield>
      <subfield code="1">https://id.oclc.org/worldcat/entity/E39PBJvXm7CM6qRPYXh7cJCYT3</subfield>
    </datafield>
    <datafield tag="700" ind1="0" ind2="2">
      <subfield code="i">Container of (work):</subfield>
      <subfield code="a">Nicholas,</subfield>
      <subfield code="c">of Cusa, Cardinal,</subfield>
      <subfield code="d">1401-1464.</subfield>
      <subfield code="t">Cribratio Alkorani.</subfield>
    </datafield>
    <datafield tag="700" ind1="0" ind2="2">
      <subfield code="i">Container of (expression):</subfield>
      <subfield code="a">Ricoldo,</subfield>
      <subfield code="c">da Montecroce,</subfield>
      <subfield code="d">1242 or 1243-1320.</subfield>
      <subfield code="t">Confutatio Alcorani.</subfield>
      <subfield code="l">Latin</subfield>
      <subfield code="s">(Picerno)</subfield>
    </datafield>
    <datafield tag="700" ind1="0" ind2="2">
      <subfield code="i">Container of (expression):</subfield>
      <subfield code="a">Ricoldo,</subfield>
      <subfield code="c">da Montecroce,</subfield>
      <subfield code="d">1242 or 1243-1320.</subfield>
      <subfield code="t">Confutatio Alcorani.</subfield>
      <subfield code="l">Greek.</subfield>
      <subfield code="s">(Cydoness)</subfield>
    </datafield>
    <datafield tag="700" ind1="0" ind2=" ">
      <subfield code="a">Demetrius Cydones,</subfield>
      <subfield code="d">approximately 1324-approximately 1398,</subfield>
      <subfield code="e">translator.</subfield>
      <subfield code="4">trl</subfield>
      <subfield code="1">https://id.oclc.org/worldcat/entity/E39PBJmTtXVkPpwyGccv9F6Frq</subfield>
    </datafield>
    <datafield tag="700" ind1="1" ind2=" ">
      <subfield code="a">Picerno, Bartolomeo,</subfield>
      <subfield code="e">translator.</subfield>
      <subfield code="4">trl</subfield>
      <subfield code="1">https://id.oclc.org/worldcat/entity/E39PCjBwKr3MxdmGDGDwt8m7h3</subfield>
    </datafield>
    <datafield tag="700" ind1="0" ind2="2">
      <subfield code="i">Container of (work):</subfield>
      <subfield code="a">Georgius,</subfield>
      <subfield code="c">de Hungaria,</subfield>
      <subfield code="d">approximately 1422-1502.</subfield>
      <subfield code="t">Tractatus de moribus condictionibus et nequicia Turcorum.</subfield>
    </datafield>
    <datafield tag="700" ind1="1" ind2="2">
      <subfield code="i">Container of (expression):</subfield>
      <subfield code="a">Giovio, Paolo,</subfield>
      <subfield code="d">1483-1552.</subfield>
      <subfield code="t">Commentario delle cose de'Turchi.</subfield>
      <subfield code="l">Latin.</subfield>
      <subfield code="s">(Negri)</subfield>
    </datafield>
    <datafield tag="700" ind1="1" ind2=" ">
      <subfield code="a">Negri, Francesco,</subfield>
      <subfield code="d">1500-1563,</subfield>
      <subfield code="e">translator.</subfield>
      <subfield code="4">trl</subfield>
      <subfield code="1">https://id.oclc.org/worldcat/entity/E39PBJbxCPJ79kfjy6wwYGtYfq</subfield>
    </datafield>
    <datafield tag="700" ind1="0" ind2=" ">
      <subfield code="a">Charles</subfield>
      <subfield code="b">V,</subfield>
      <subfield code="c">Holy Roman Emperor,</subfield>
      <subfield code="d">1500-1558,</subfield>
      <subfield code="e">dedicator,</subfield>
      <subfield code="e">censor.</subfield>
      <subfield code="4">dte</subfield>
      <subfield code="4">cns</subfield>
      <subfield code="1">https://id.oclc.org/worldcat/entity/E39PBJrrtb7QxXCFgdVBT4dmh3</subfield>
    </datafield>
    <datafield tag="700" ind1="1" ind2=" ">
      <subfield code="a">Sadoleto, Jacopo,</subfield>
      <subfield code="d">1477-1547,</subfield>
      <subfield code="e">contributor.</subfield>
      <subfield code="4">ctb</subfield>
      <subfield code="1">https://id.oclc.org/worldcat/entity/E39PBJbtmd6RMRGqRJD7RjWRrq</subfield>
    </datafield>
    <datafield tag="710" ind1="2" ind2=" ">
      <subfield code="a">Catholic Church.</subfield>
      <subfield code="b">Pope (1458-1464 : Pius II),</subfield>
      <subfield code="e">contributor.</subfield>
      <subfield code="4">ctb</subfield>
    </datafield>
    <datafield tag="730" ind1="0" ind2=" ">
      <subfield code="i">Container of (expression):</subfield>
      <subfield code="a">Durar al-kalām fī masāʼil ʻAbd Allāh ibn Salām.</subfield>
      <subfield code="l">Latin.</subfield>
    </datafield>
    <datafield tag="740" ind1="0" ind2="2">
      <subfield code="a">Historiae de Saracenorum sive Turcarum orgine.</subfield>
    </datafield>
    <datafield tag="740" ind1="0" ind2="2">
      <subfield code="a">Confutationes legis Machumeticae, quam vocant Alcoran.</subfield>
    </datafield>
    <datafield tag="740" ind1="0" ind2="2">
      <subfield code="a">Tractatus de moribus, condicionibus et nequitia Turcorum.</subfield>
    </datafield>
    <datafield tag="740" ind1="0" ind2="2">
      <subfield code="a">Libellus de conditio vitae Christianorum sub Turca.</subfield>
    </datafield>
    <datafield tag="752" ind1=" " ind2=" ">
      <subfield code="a">Switzerland</subfield>
      <subfield code="d">Basel,</subfield>
      <subfield code="e">publication place.</subfield>
      <subfield code="4">pup</subfield>
    </datafield>
    <datafield tag="880" ind1=" " ind2=" ">
      <subfield code="6">500-01/(S</subfield>
      <subfield code="a">Signatures: α-β⁶ a-u⁶ ; *⁴ A-P⁶ ; aa-nn⁶ oo⁴. P6 is blank.</subfield>
    </datafield>
  </record>